[Event "FSGM July"]
[Site "Budapest HUN"]
[Date "2008.07.17"]
[Round "13"]
[White "Duong The Anh"]
[Black "Berczes,D"]
[Result "0-1"]
[WhiteElo "2445"]
[BlackElo "2458"]

1.d4 Nf6 2.Bg5 d5 3.e3 c5 4.Bxf6 gxf6 5.dxc5 e6 6.Nc3 Bxc5 7.Qh5 f5 8.O-O-O Nd7
9.Nf3 a6 10.Bd3 Nf6 11.Qh4 Qe7 12.Qa4+ Bd7 13.Qb3 b5 14.Ne5 Bc8 15.Ne2 Qc7
16.Nf3 b4 17.Ng3 Ne4 18.Bxe4 fxe4 19.Nd4 h5 20.Kb1 h4 21.Nf1 a5 22.c4 a4
23.Qc2 Qb6 24.cxd5 exd5 25.Nd2 O-O 26.Rc1 Bxd4 27.exd4 Bf5 28.Ka1 Rfc8 29.Qd1 Rxc1+
30.Qxc1 Qxd4 31.Nb1 Rc8 32.Qd1 Qxd1 33.Rxd1 Rc2 34.a3 Rxf2 35.axb4 e3 36.Nc3 e2
37.Nxe2 Rxe2 38.b5 Bc2 39.Rc1 d4  0-1

[Event "Inautomarket Open"]
[Site "Minsk BLR"]
[Date "2008.07.17"]
[Round "8"]
[White "Smirnov,Arte"]
[Black "Teterev,V"]
[Result "1/2-1/2"]
[WhiteElo "2452"]
[BlackElo "2504"]

1.d4 Nf6 2.Bg5 c5 3.Bxf6 gxf6 4.d5 Qb6 5.Qc1 f5 6.c4 Bg7 7.Nc3 d6 8.e3 Nd7
9.Qc2 Nf6 10.Bd3 Ne4 11.Nge2 Nxc3 12.bxc3 e6 13.O-O O-O 14.Rae1 Qa5 15.f4 Bd7
16.Rf3 b5 17.cxb5 Bxb5 18.Bxb5 Qxb5 19.Ng3 Qc4 20.e4 fxe4 21.Rxe4 Bd4+ 22.Kh1 exd5
23.Re2 Bg7 24.Nh5 Rfe8 25.Rxe8+ Rxe8 26.h4 Re6 27.Qb1 Qe2 28.Qb7 Bf8 29.f5 Re5
30.Nf6+ Kg7 31.Nh5+ Kg8  1/2-1/2

[Event "19th Czech Chladek & Tintera A Open"]
[Site "Pardubice CZE"]
[Date "2008.07.18"]
[Round "1"]
[White "Walton,A"]
[Black "D'Costa,L"]
[Result "0-1"]
[WhiteElo "2220"]
[BlackElo "2414"]

1.d4 Nf6 2.Bg5 c5 3.d5 Ne4 4.Bf4 Qb6 5.Qc1 g6 6.f3 Bg7 7.c3 Nd6 8.e4 f5 9.Bd3 O-O
10.Ne2 c4 11.Be3 Qa5 12.Bc2 fxe4 13.fxe4 e6 14.Qd2 Nf7 15.O-O Na6 16.Na3 b5
17.Rf2 e5 18.Raf1 d6 19.Qc1 Bd7 20.b3 cxb3 21.axb3 b4 22.Nc4 Qc7 23.Qa1 Bb5
24.Bd3 Nc5 25.Bxc5 dxc5 26.cxb4 cxb4 27.Qe1 Qc5 28.Kh1 a5 29.Nb2 Bxd3 30.Nxd3 Qe3
31.Qd1 Nd6 32.Rxf8+ Rxf8 33.Rxf8+ Bxf8 34.Nxe5 Nxe4 35.Ng4 Qg5 36.d6 Qxg4
37.Qd5+ Kg7 38.d7 Nf6  0-1

[Event "31st Taminco Open"]
[Site "Ghent BEL"]
[Date "2008.07.19"]
[Round "1"]
[White "Wiley,To"]
[Black "Smith,Bri"]
[Result "1-0"]
[WhiteElo "2299"]
[BlackElo "1803"]

1.d4 Nf6 2.Bg5 d5 3.e3 e6 4.c4 c6 5.Nc3 Nbd7 6.cxd5 exd5 7.Bd3 h6 8.Bf4 Bb4
9.h3 Ne4 10.Ne2 Ndf6 11.O-O O-O 12.Qc2 Re8 13.a3 Bd6 14.b4 Bxf4 15.Nxf4 Nxc3
16.Qxc3 Nd7 17.a4 a6 18.b5 axb5 19.axb5 Rxa1 20.Rxa1 g5 21.Ne2  1-0

[Event "Politiken Cup"]
[Site "Helsingor DEN"]
[Date "2008.07.19"]
[Round "1"]
[White "Hobber,A"]
[Black "Malakhov,V"]
[Result "0-1"]
[WhiteElo "2012"]
[BlackElo "2689"]

1.d4 Nf6 2.Bg5 g6 3.Bxf6 exf6 4.e3 Bg7 5.Ne2 f5 6.Nf4 d6 7.c4 Nd7 8.Nc3 Nf6
9.g3 O-O 10.Bg2 Re8 11.O-O Rb8 12.b4 a6 13.Qd3 c6 14.Rab1 g5 15.Nfe2 d5 16.cxd5 cxd5
17.b5 a5 18.b6 Be6 19.Na4 Ne4 20.Rfc1 Bd7 21.Nc5 Bc6 22.Nc3 h5 23.Bh3 Nxc5
24.dxc5 f4 25.Bg2 fxe3 26.fxe3 Re5 27.Rd1 Qe7 28.Nxd5 Bxd5 29.Bxd5 Rxe3 30.Qf5 Re5
31.Qf2 Bf6 32.Rd2 g4 33.c6 bxc6 34.Bxc6 Bg5 35.Rd7 Qe6 36.Qc2 Rxb6 37.Rxb6 Re1+  0-1

[Event "Canadian Open"]
[Site "Montreal CAN"]
[Date "2008.07.19"]
[Round "1"]
[White "Gulko,A"]
[Black "Castaneda,N"]
[Result "1/2-1/2"]
[WhiteElo "1894"]
[BlackElo "2314"]

1.d4 Nf6 2.Bg5 d5 3.Bxf6 exf6 4.e3 Bd6 5.c4 dxc4 6.Bxc4 O-O 7.Nc3 c6 8.Qc2 f5
9.Nf3 Nd7 10.h3 Nb6 11.Bd3 g6 12.O-O-O Nd5 13.Nxd5 cxd5 14.g3 Qa5 15.Kb1 Bd7
16.Rc1 Rfc8 17.Qd2 Rxc1+ 18.Rxc1 Qxd2 19.Nxd2 f4 20.exf4 Bxh3 21.Nf1 Bd7
22.Ne3 Bc6 23.Be2 Rd8 24.Bf3 Be7 25.Ng4 f6 26.Re1 Kf8 27.Ne3 Rd7 28.f5 Bd8
29.Rd1 Ke7 30.Bg4 g5 31.Rh1 Kf8 32.Rd1 Bb6 33.Nc2 Rd6 34.Rh1 Bb5 35.Rd1 Rd8
36.Bh5 Bd7 37.Ne3 Be8 38.Bxe8 Kxe8 39.Kc2 Ke7 40.Kd3 Kd6 41.Rh1 Rd7 42.Rh6 Rf7
43.Ng4 Ke7 44.Ne3 Kd6 45.Ng4 Ke7 46.Ne3  1/2-1/2

[Event "31st Taminco Open"]
[Site "Ghent BEL"]
[Date "2008.07.21"]
[Round "5"]
[White "Wiley,To"]
[Black "De Jong,JW"]
[Result "1-0"]
[WhiteElo "2299"]
[BlackElo "2479"]

1.d4 Nf6 2.Bg5 d5 3.e3 e6 4.c4 Be7 5.Nc3 O-O 6.Nf3 h6 7.Bh4 Ne4 8.Bxe7 Qxe7
9.Rc1 c6 10.Bd3 Nxc3 11.Rxc3 dxc4 12.Bxc4 Nd7 13.O-O b6 14.Bd3 c5 15.Qc2 Rd8
16.a3 Nf6 17.Qe2 cxd4 18.Nxd4 Bb7 19.Rfc1 Rxd4 20.exd4 Nd5 21.R3c2 Nf4 22.Qe3 Qg5
23.Be4 Bxe4 24.Qxe4 Rd8 25.Rc8 Nd5 26.h4 Qe7 27.g3 h5 28.Qe5 g6 29.Qb8 Rxc8
30.Rxc8+ Kg7 31.Rg8+ Kh7 32.Rh8+ Kg7 33.Qg8+ Kf6 34.Rh7  1-0

[Event "XXVI Andorra Open"]
[Site "La Massana AND"]
[Date "2008.07.21"]
[Round "3"]
[White "Avila Jimenez,J"]
[Black "Edouard,R"]
[Result "0-1"]
[WhiteElo "2286"]
[BlackElo "2508"]

1.d4 Nf6 2.Bg5 c5 3.d5 Ne4 4.Bf4 Qb6 5.Bc1 e5 6.f3 Nd6 7.e4 g6 8.Nc3 Bg7
9.Nh3 O-O 10.Be2 c4 11.g4 Qc5 12.Bg5 f6 13.Bh4 Bh6 14.Bf2 Be3 15.Bxe3 Qxe3
16.Qd2 Qxd2+ 17.Kxd2 Na6 18.a4 Nc5 19.Nb5 Nxb5 20.axb5 f5 21.gxf5 gxf5 22.Rhg1+ Kh8
23.Bxc4 b6 24.Ke3 Nb7 25.Bd3 Nc5 26.Nf2 d6 27.exf5 Nxd3 28.Nxd3 Bxf5 29.Nb4 Rf7
30.c3 Raf8 31.Nc6 Bg6 32.Rg3 Bh5 33.Rxa7 Rxf3+ 34.Rxf3 Rxf3+ 35.Ke4 Rf4+
36.Ke3 Rh4 37.Ne7 Rh3+ 38.Ke4 Kg7 39.Kf5 Bf7 40.Nc8 Rh6 41.Nxb6 Rh4 42.Ra4 e4
43.Kg5 Rh5+ 44.Kf4 Bg6 45.Ra7+ Kh6 46.c4 Rxh2 47.Nc8 Rf2+ 48.Ke3 Rf3+ 49.Ke2 Bh5
50.Kd2 e3+ 51.Ke1 Rh3  0-1

[Event "Canadian Open"]
[Site "Montreal CAN"]
[Date "2008.07.21"]
[Round "3"]
[White "Gulko,A"]
[Black "Mohota,N"]
[Result "0-1"]
[WhiteElo "1894"]
[BlackElo "2354"]

1.d4 Nf6 2.Bg5 d5 3.Bxf6 exf6 4.e3 Bd6 5.c4 dxc4 6.Bxc4 O-O 7.Nc3 f5 8.Nf3 Nd7
9.O-O Nf6 10.Qc2 c6 11.Rfd1 Qe7 12.g3 g6 13.Bf1 Bd7 14.a3 Rfe8 15.Bg2 Kg7
16.Rac1 Rac8 17.Na4 Be6 18.Nc5 Bd5 19.Ne1 h5 20.Bxd5 cxd5 21.Qb3 h4 22.Nf3 hxg3
23.hxg3 b6 24.Na4 Qe4 25.Kg2 Rxc1 26.Rxc1 Rh8 27.Nc3 Qg4 28.Ng1 Qh5 29.Kf1 Qh1
30.Qd1 Ng4 31.Ne2 Nh2+  0-1

[Event "41st Festival MTO"]
[Site "Biel SUI"]
[Date "2008.07.22"]
[Round "2"]
[White "Hoffmeyer,F"]
[Black "Al Sayed,Mohamad"]
[Result "0-1"]
[WhiteElo "2282"]
[BlackElo "2470"]

1.d4 Nf6 2.Bg5 d5 3.Bxf6 exf6 4.e3 Be6 5.g3 c6 6.Bg2 Nd7 7.Ne2 f5 8.Nd2 Bd6
9.b3 Nf6 10.O-O h5 11.h4 Ne4 12.Nf4 g5 13.hxg5 Nxd2 14.Qxd2 Qxg5 15.Qe2 h4
16.Qf3 O-O-O 17.c4 Bxf4 18.exf4 Qh6 19.Qc3 Rhg8 20.Rfe1 h3 21.Bf3 Qf8 22.Kh2 Qd6
23.c5 Qc7 24.Qe3  0-1

[Event "19th Czech Chladek & Tintera A Open"]
[Site "Pardubice CZE"]
[Date "2008.07.23"]
[Round "6"]
[White "Chernyshov,K"]
[Black "Kononenko,Dmitry1"]
[Result "1/2-1/2"]
[WhiteElo "2565"]
[BlackElo "2502"]

1.d4 Nf6 2.Bg5 c5 3.Bxf6 gxf6 4.c3 Qb6 5.Qd2 d5 6.e3 Bf5 7.Nf3 e6 8.Be2 cxd4
9.exd4 h5 10.b4 a5 11.b5 Nd7 12.O-O Rc8 13.Bd3 Be4 14.Qe2 f5 15.Nfd2 Bg7
16.Nf3 Bf8 17.Qd2  1/2-1/2

[Event "Sun Pawn B"]
[Site "Illichevsk UKR"]
[Date "2008.07.24"]
[Round "5"]
[White "Romcovici,V"]
[Black "Belosvetov,N"]
[Result "1-0"]
[WhiteElo "2222"]
[BlackElo "2273"]

1.d4 Nf6 2.Bg5 c5 3.d5 Qb6 4.Nc3 Qxb2 5.Bd2 Qb6 6.Rb1 Qd8 7.e4 e5 8.f4 d6
9.fxe5 dxe5 10.Nf3 Bd6 11.Bc4 a6 12.a4 O-O 13.O-O Ne8 14.Qe1 g6 15.Bh6 Ng7
16.Ng5 f6 17.Ne6 Bxe6 18.dxe6 Be7 19.Rxb7 Nc6 20.Rd7 Qe8 21.Nd5 Ra7 22.Nxe7+  1-0

[Event "1st Open"]
[Site "Paleochora GRE"]
[Date "2008.07.27"]
[Round "8"]
[White "Meijers,V"]
[Black "Kryvoruchko,Y"]
[Result "1/2-1/2"]
[WhiteElo "2496"]
[BlackElo "2628"]

1.d4 Nf6 2.Bg5 d5 3.Bxf6 exf6 4.e3 Bd6 5.c4 dxc4 6.Bxc4 O-O 7.Nc3 f5 8.Nf3 Nd7
9.Qc2 Nf6 10.O-O c6 11.Rac1 Qe7 12.Bd3 g6 13.Rfe1 Be6 14.a3 Rfe8 15.g3 h6
16.Nd2 Kg7 17.Bc4 Bd7 18.Re2 h5 19.e4 fxe4 20.Ndxe4 Nxe4 21.Nxe4 Bf5 22.Rce1 Qd7
23.Qc3 Bxe4 24.Rxe4 Rxe4 25.Rxe4 Be7 26.d5+ Bf6 27.dxc6 Qxc6 28.Qf3 Rc8 29.b3 b5
30.Bxf7 a6 31.a4 bxa4 32.bxa4 Rb8 33.Rf4 Qxf3  1/2-1/2

[Event "TIPC Open"]
[Site "Charleroi BEL"]
[Date "2008.07.30"]
[Round "6"]
[White "Dal Borgo,A"]
[Black "Debilloez,Y"]
[Result "0-1"]
[WhiteElo "2219"]
[BlackElo "1990"]

1.d4 Nf6 2.Bg5 d5 3.e3 c6 4.Bxf6 gxf6 5.c4 Bf5 6.Nc3 e6 7.Qb3 Qb6 8.c5 Qc7
9.Nge2 e5 10.Ng3 Be6 11.Be2 Rg8 12.Qc2 e4 13.f4 f5 14.O-O Be7 15.Rfb1 Bh4
16.Nf1 Nd7 17.b4 Nf6 18.b5 Bc8 19.Qa4 Nd7 20.bxc6 bxc6 21.Ba6 Ke7 22.Rb3 Bxa6
23.Qxa6 Rgb8 24.Qe2 Rxb3 25.axb3 Bf6 26.Ng3 Nxc5 27.Rc1 Qa5 28.Nxd5+ cxd5
29.Rxc5 Qa1+ 30.Kf2 Bh4 31.Rxd5 Rc8 32.Rc5 Rxc5 33.dxc5 Qc3 34.Kg1 Bxg3 35.hxg3 Qxc5
36.Qd2 Qd6 37.Qc3 f6 38.b4 a6 39.Kh2 Ke6 40.Qc8+ Ke7 41.Qxf5 Qxb4 42.Qxh7+ Ke6
43.Qg8+ Ke7 44.Qg7+ Ke6 45.g4 a5 46.f5+ Kd5 47.Qxf6 Qd6+ 48.Qxd6+ Kxd6  0-1

[Event "95th ch-GBR"]
[Site "Liverpool ENG"]
[Date "2008.07.30"]
[Round "3"]
[White "Garnett,J"]
[Black "Hanley,Ja"]
[Result "0-1"]
[WhiteElo "2030"]
[BlackElo "2243"]

1.d4 Nf6 2.Bg5 d5 3.Bxf6 exf6 4.e3 Bd6 5.c4 dxc4 6.Bxc4 O-O 7.Nc3 f5 8.Nge2 Nd7
9.Rc1 a6 10.Qc2 Nf6 11.a3 g6 12.Nd5 Ne4 13.Bd3 c6 14.Bxe4 fxe4 15.Ndc3 Re8
16.Ng3 f5 17.b4 Be6 18.Na4 Bf7 19.Nc5 Qe7 20.Ne2 a5 21.O-O axb4 22.axb4 Ra2
23.Qd1 b6 24.Na4 Bxb4 25.Nec3 Ra3 26.d5 b5 27.dxc6 bxa4 28.Nb5 Rd3 29.Qxa4 Bd2
30.Rb1 Qc5 31.Nd4 Ra3 32.Qd1 Ra2 33.Rb7 Qc4 34.c7 Ba5 35.Nb5 Qc6 36.c8=Q Rxc8
37.Rxf7 Qxb5 38.Rd7 Bb4 39.Qd4 Qxf1+ 40.Kxf1 Rc1+ 41.Qd1 Rxd1+ 42.Rxd1 Kf7
43.Rb1 Be7 44.g3 h5 45.Kg2 h4 46.h3 hxg3 47.Kxg3 g5 48.Rb5 Bd6+ 49.Kg2 Ke6  0-1

[Event "8th United Insurance"]
[Site "Dhaka BAN"]
[Date "2008.07.31"]
[Round "2"]
[White "Rahman,Zia"]
[Black "Mirza,Sh"]
[Result "1/2-1/2"]
[WhiteElo "2564"]
[BlackElo "2282"]

1.d4 Nf6 2.Bg5 d5 3.e3 g6 4.Bxf6 exf6 5.c4 c6 6.Nc3 Bb4 7.Qb3 Bxc3+ 8.bxc3 dxc4
9.Bxc4 O-O 10.Ne2 f5 11.a4 Nd7 12.O-O Nf6 13.Rad1 Qb6 14.Qa2 Qa5 15.Qb3 Rb8
16.Nf4 Ne4 17.Qb4 Qxb4 18.cxb4 Re8 19.Rfe1 Be6 20.Nxe6 fxe6 21.Bb3 Rbc8 22.Rc1 Kf7
23.f3 Nf6 24.Bc4 Nd5 25.b5 Nb6 26.Bf1 Nxa4 27.bxc6 bxc6 28.Ra1 Nb6 29.Rxa7+ Re7
30.Ra5 Rd7 31.Kf2 f4 32.exf4 Rxd4 33.Ra7+ Rd7 34.Rxd7+ Nxd7 35.Bc4 Nf8 36.g4 Kf6
37.Rb1 Rc7 38.Rb8 Ke7 39.h4 Rd7 40.Ke3 Rd6 41.Rc8 Nd7 42.Bd3 Nb6 43.Rh8 Nd5+
44.Kf2 Nxf4 45.Rxh7+ Kf6 46.Be4 Ke5 47.h5 gxh5 48.gxh5 Rd2+ 49.Ke1 Rh2 50.h6 Nd5
51.Rh8 Nf6 52.Bxc6 Kf5 53.Be4+ Nxe4 54.fxe4+ Kxe4 55.h7 Ke3 56.Kf1 e5 57.Kg1 Rh6
58.Kg2 e4 59.Kg3 Ke2  1/2-1/2

[Event "3rd Int Open"]
[Site "Edmonton CAN"]
[Date "2008.08.01"]
[Round "2"]
[White "Cheng,Bi"]
[Black "Moiseenko,A1"]
[Result "1/2-1/2"]
[WhiteElo "2333"]
[BlackElo "2632"]

1.d4 Nf6 2.Bg5 c5 3.d5 Qb6 4.Nc3 Qxb2 5.Bd2 Qb6 6.e4 e5 7.f4 d6 8.f5 g6 9.Qf3 gxf5
10.Bb5+ Nbd7 11.exf5 a6 12.Be2 Rg8 13.Nh3 Qd8 14.a4 e4 15.Qf4 Rxg2 16.Ng5 Ne5
17.Kf1 Rxg5 18.Qxg5 Be7 19.Qf4 Qd7 20.Rb1 Ra7 21.Kg2 Qxf5 22.Rhf1 Qxf4 23.Bxf4 Ng6
24.Bg3 h5 25.Rxf6 Bxf6 26.Nxe4 Be5 27.Nxd6+ Bxd6 28.Bxd6 Bf5 29.Bxc5 Ra8
30.Rxb7 Rc8 31.Bb4 Be4+ 32.Kf1 Bxd5 33.Ra7 Rxc2 34.Bxa6 Bc4+ 35.Bxc4 Rxc4
36.Rb7 Rc1+ 37.Kf2 Rc2+ 38.Kg3 h4+ 39.Kh3 Rc4 40.Kg2 Nf4+ 41.Kf3 Nd5 42.Be1 Rf4+
43.Ke2 Rxa4 44.Rb5 Nf4+ 45.Kf3 Ng6 46.Rb4 Rxb4 47.Bxb4 f5 48.Bd2 Kf7 49.Bg5 Ke6
50.Bd8 Ke5 51.Bg5 Kd4 52.Bf6+ Kc4 53.Ke3 Kd5 54.Kf3 Ke6 55.Bd8 Kf7 56.Bg5 Kg7
57.Kf2 Kf8 58.Kg2 Kf7 59.Kh3 Ke6 60.Bxh4 Ke5 61.Bg3+ Ke4 62.Kg2 f4 63.Bxf4 Kxf4  1/2-1/2

[Event "3rd Int Open"]
[Site "Edmonton CAN"]
[Date "2008.08.01"]
[Round "3"]
[White "Porper,E"]
[Black "Haessel,D"]
[Result "1-0"]
[WhiteElo "2476"]
[BlackElo "2149"]

1.d4 Nf6 2.Bg5 g6 3.Bxf6 exf6 4.e3 d5 5.Nd2 Bg7 6.g3 O-O 7.Bg2 f5 8.Ne2 c6
9.O-O Nd7 10.Nf4 Nf6 11.c4 dxc4 12.Nxc4 Ne4 13.Qc2 Qe7 14.Rfd1 Be6 15.Bxe4 fxe4
16.Qxe4 Rfe8 17.Nxe6 Qb4 18.Qd3 Rxe6 19.Rac1 Rd8 20.Qa3 Qxa3 21.Nxa3 Rd5
22.Nb1 f5 23.b4 Rd8 24.Nc3 Bf8 25.Rb1 b5 26.a4 a6 27.Kg2 Rb8 28.a5 Bg7 29.Ne2 g5
30.Rdc1 Bh6 31.Kf3 g4+ 32.Kg2 Bg5 33.Rc5 Rf8 34.Rbc1 Rff6 35.d5 cxd5 36.Rxd5 Re4
37.Rc8+ Kg7 38.Nd4 Kg6 39.Rb8 Re7 40.Rg8+ Kh5 41.Nxf5 Ref7 42.h4  1-0

[Event "17th Open"]
[Site "Kavala GRE"]
[Date "2008.08.01"]
[Round "3"]
[White "Zaremba,An"]
[Black "Milanovic,Da"]
[Result "0-1"]
[WhiteElo "2355"]
[BlackElo "2529"]

1.d4 Nf6 2.Bg5 c5 3.Bxf6 gxf6 4.d5 Qb6 5.Qc1 f5 6.e3 Bg7 7.c3 d6 8.Nd2 Nd7
9.Nh3 Nf6 10.Bc4 Bh6 11.Nf4 Bxf4 12.exf4 e6 13.dxe6 fxe6 14.O-O d5 15.Be2 Bd7
16.Nf3 Ng4 17.h3 Nf6 18.Ne5 Rg8 19.Bf3 O-O-O 20.b4 Kb8 21.bxc5 Qxc5 22.c4 dxc4
23.Rb1 Nd5 24.Qxc4 Qxc4 25.Nxc4 Bc8 26.Ne5 Ka8 27.Bxd5 Rxd5 28.Rfc1 b6 29.Rc7 Bb7
30.g4 h5 31.g5 Rxe5 32.fxe5 Rxg5+ 33.Kf1 Ba6+ 34.Ke1  0-1

[Event "Open"]
[Site "Olomouc CZE"]
[Date "2008.08.01"]
[Round "2"]
[White "Maslak,K"]
[Black "Pesce,G"]
[Result "1-0"]
[WhiteElo "2521"]
[BlackElo "2102"]

1.d4 Nf6 2.Bg5 g6 3.Bxf6 exf6 4.e3 f5 5.g3 Bg7 6.Bg2 O-O 7.c4 c5 8.Ne2 Nc6
9.Nbc3 cxd4 10.exd4 d6 11.O-O f4 12.gxf4 Bg4 13.Qd2 Qd7 14.f3 Bf5 15.d5 Ne7
16.Rac1 Rac8 17.b3 Rfe8 18.Ne4 b5 19.Rfd1 bxc4 20.bxc4 Bxe4 21.fxe4 Rc5 22.Qd3 Nc8
23.Bh3 Qc7 24.Rc2 Nb6 25.Rdc1 Na4 26.Ng3 Ra5 27.Kh1 Nc5 28.Qf3 Qb6 29.Rf1 Qb4
30.e5 Ra3 31.Qf2 Nd3 32.Qe2 dxe5 33.Rf3 Qb1+ 34.Rf1 Qb8 35.fxe5 Bxe5 36.Qf3 Bf4
37.Re2 f5 38.Nxf5 gxf5 39.Bxf5 Rxe2 40.Qxe2 Qe5 41.Qh5 Qe7 42.Bxh7+ Kf8 43.Bxd3 Rxd3
44.Rxf4+ Kg7 45.Rg4+ Kf6  1-0

[Event "IMC Dacia Cup"]
[Site "Olomouc CZE"]
[Date "2008.08.01"]
[Round "3"]
[White "Rosko,L"]
[Black "Skinke,K"]
[Result "1-0"]
[WhiteElo "2387"]
[BlackElo "2197"]

1.d4 Nf6 2.Bg5 g6 3.Bxf6 exf6 4.g3 Bg7 5.Bg2 d5 6.e3 O-O 7.Ne2 c6 8.Nd2 Nd7
9.c4 dxc4 10.Nxc4 f5 11.O-O Nf6 12.Qc2 Nd5 13.a3 Be6 14.b4 Rc8 15.Rac1 Re8
16.Rfd1 Qe7 17.Qd2 Nf6 18.Nf4 Ne4 19.Qe1 Rcd8 20.Nxe6 Qxe6 21.Qe2 h5 22.h4 Bh6
23.Bxe4 Qxe4 24.Qf1 Bg7 25.Qg2 Bf6 26.Na5 Qxg2+ 27.Kxg2 Re7 28.Rc2 f4 29.gxf4 Bxh4
30.Kf3 f5 31.Nc4 Bf6 32.Rg1 Kf7 33.Rcc1 Re6 34.Rg2 Rg8 35.Rd1 Rd8 36.Rdg1 Rg8
37.a4 a6 38.Rb1 Rc8 39.Nb6 Rd8 40.Rbg1 Bg7 41.Nc4 Rd5 42.a5 Rb5 43.Rb1 Bf6
44.Rgg1 Be7 45.Ne5+ Kg7 46.Nd3 Kh7 47.Rgc1 Rd6 48.Rc5 Rd8 49.Rxb5 axb5 50.Ra1 Ra8
51.Rc1 Rd8 52.a6 bxa6 53.Rxc6 Kg7 54.Rxa6 h4 55.Ne5 Bf6 56.Ra7+ Kg8 57.Nxg6 Rc8
58.Ne7+ Bxe7 59.Rxe7 Rc4 60.Re5  1-0

[Event "8th United Insurance"]
[Site "Dhaka BAN"]
[Date "2008.08.02"]
[Round "6"]
[White "Rahman,Tai"]
[Black "Hossain,D"]
[Result "1-0"]
[WhiteElo "2307"]
[BlackElo "2157"]

1.d4 Nf6 2.Bg5 g6 3.Nd2 Bg7 4.c3 d5 5.e3 O-O 6.Bd3 b6 7.Ngf3 c5 8.O-O Bb7
9.a4 Nbd7 10.Re1 a6 11.b4 Rc8 12.bxc5 bxc5 13.Rb1 Qc7 14.Qb3 Rb8 15.Bf4 e5
16.Nxe5 c4 17.Nexc4 dxc4 18.Bxc4 Qc6 19.f3 Ba8 20.Bxb8 Nxb8 21.Bxf7+ Rxf7
22.Qxb8+ Rf8 23.Qb3+ Kh8 24.c4 Nd7 25.a5 Qc7 26.Qb4 Bf6 27.Ne4 Bxe4 28.fxe4 Bg5
29.e5 Rb8 30.Qd6 Bxe3+ 31.Kh1 Rxb1 32.Rxb1 Qxd6 33.exd6  1-0

[Event "95th ch-GBR"]
[Site "Liverpool ENG"]
[Date "2008.08.02"]
[Round "6"]
[White "Trent,L"]
[Black "Hebden,M"]
[Result "1/2-1/2"]
[WhiteElo "2470"]
[BlackElo "2520"]

1.d4 Nf6 2.Bg5 d5 3.e3 Ne4 4.Bf4 c5 5.Nd2 Nxd2 6.Qxd2 Nc6 7.Nf3 Qb6 8.c3 cxd4
9.exd4 Bf5 10.Bd3 Bxd3 11.Qxd3 Qa6 12.Qxa6 bxa6 13.Ne5 Nxe5 14.Bxe5 e6 15.Kd2 Kd7
16.Rhe1 Bd6 17.Bxd6 Kxd6 18.b3 Rhc8 19.Kd3 Rab8 20.Rab1 Rb5 21.f4 h5 22.Re2 a5
23.Reb2 Rcb8 24.a4 R5b6 25.b4 f6 26.h4 g5 27.hxg5 fxg5 28.fxg5 Rg8 29.bxa5 Rc6
30.Rf1 Rxg5 31.Rf3 Rg7 32.g3 Rgc7 33.Kd2  1/2-1/2

[Event "XXXIV Open"]
[Site "Badalona ESP"]
[Date "2008.08.04"]
[Round "4"]
[White "Almeida Quintana,O"]
[Black "Castaner Halster,X"]
[Result "1-0"]
[WhiteElo "2524"]
[BlackElo "2202"]

1.d4 Nf6 2.Bg5 c5 3.d5 Qb6 4.Nc3 Qxb2 5.Bd2 Qb6 6.e4 d6 7.f4 e6 8.Nf3 exd5
9.e5 dxe5 10.fxe5 Ne4 11.Nxd5 Qd8 12.Bc4 Nxd2 13.Qxd2 Be7 14.O-O O-O 15.Rad1 Be6
16.Qe2 Nd7 17.Qe4 b5 18.Bxb5 c4 19.Bxc4 Bc5+ 20.Kh1 Re8 21.Nf4 Bf8 22.Nxe6 fxe6
23.Bb3  1-0

[Event "95th ch-GBR"]
[Site "Liverpool ENG"]
[Date "2008.08.04"]
[Round "7"]
[White "Garnett,J"]
[Black "Sen,S"]
[Result "1/2-1/2"]
[WhiteElo "2030"]
[BlackElo "2050"]

1.d4 Nf6 2.Bg5 d5 3.Bxf6 exf6 4.e3 Be6 5.g3 c5 6.Ne2 Nc6 7.Bg2 Qb6 8.O-O Rd8
9.Nbc3 cxd4 10.exd4 Bb4 11.Nf4 Bxc3 12.bxc3 Na5 13.Re1 O-O 14.Rb1 Qc6 15.Qd3 Nc4
16.Re2 Rd6 17.Rbe1 Bg4 18.Re7 Nb2 19.Qe3 Nc4 20.Qc1 Be6 21.Nxe6 fxe6 22.Bh3 e5
23.Qd1 Re8 24.Rxe8+ Qxe8 25.dxe5 fxe5 26.Bg2 Qf7  1/2-1/2

[Event "Arctic Chess Challenge"]
[Site "Tromso NOR"]
[Date "2008.08.05"]
[Round "4"]
[White "Royset,P"]
[Black "Tofte,S"]
[Result "1-0"]
[WhiteElo "2234"]
[BlackElo "2122"]

1.d4 Nf6 2.Bg5 d5 3.Bxf6 exf6 4.e3 Be6 5.Ne2 Nd7 6.g3 Bd6 7.Bg2 f5 8.c4 Nf6
9.Nbc3 c6 10.cxd5 Nxd5 11.Nxd5 Bxd5 12.O-O Bxg2 13.Kxg2 O-O 14.Nc3 Re8 15.Qd3 Qg5
16.Rac1 Rad8 17.Qc4 a6 18.Qb3 Re7 19.Rfe1 h5 20.Qb6 Bc7 21.Qc5 Bd6 22.Qa5 Bc7
23.Qc5 Bd6 24.Qa5 Rde8 25.Ne2 h4 26.Nf4 Qf6 27.Nd3 Qg6 28.Qd2 Qg4 29.f3 Qg5
30.Ne5 f6 31.f4 Qh5 32.Nf3 g5 33.Qd3 Qg4 34.Kf2 Rg7 35.Rg1 h3 36.a3 Rge7
37.Rce1 Kh8 38.Qc3 Re6 39.fxg5 fxg5 40.d5+ Be5 41.Nxe5 Rxe5 42.d6 Qe4 43.d7 Rd8
44.Rd1 g4 45.Rd3 Kh7 46.Qd2 Kg6 47.Rf1 Rxd7 48.Rxd7 Qf3+ 49.Kg1 Qxe3+ 50.Qxe3 Rxe3
51.Rxb7 Re2 52.Rb6 Rc2 53.b4 Kg5 54.Rxa6 f4 55.Ra5+  1-0

[Event "12th HZ Open"]
[Site "Vlissingen NED"]
[Date "2008.08.05"]
[Round "5"]
[White "Piket,Jo"]
[Black "Lukas,M"]
[Result "1-0"]
[WhiteElo "2186"]
[BlackElo "2059"]

1.d4 Nf6 2.Bg5 c5 3.d5 Qb6 4.Nc3 Qxb2 5.Bd2 Qb6 6.e4 d6 7.f4 Qd8 8.Bc4 Nbd7
9.a4 Nb6 10.Bb5+ Bd7 11.Be2 e6 12.a5 Nc8 13.dxe6 Bxe6 14.Nf3 h6 15.f5 Bd7
16.Bc4 Be7 17.O-O b5 18.Nxb5 Nxe4 19.Bxh6 O-O 20.Qd5 Rb8 21.Qxe4 Bxb5 22.Bxg7 Kxg7
23.Qg4+ Kh8 24.Nd4 cxd4 25.Ra3 Bg5 26.Rh3+ Kg7 27.f6+ Qxf6 28.Rxf6 Kxf6 29.Rf3+  1-0

[Event "12th HZ Open"]
[Site "Vlissingen NED"]
[Date "2008.08.06"]
[Round "6"]
[White "Duijker,R"]
[Black "Van den Doel,E"]
[Result "0-1"]
[WhiteElo "2220"]
[BlackElo "2568"]

1.d4 Nf6 2.Bg5 d5 3.Bxf6 gxf6 4.e3 c5 5.c3 Qb6 6.Qb3 Nc6 7.Nd2 e5 8.Ngf3 cxd4
9.Qxb6 axb6 10.exd4 Bh6 11.g3 O-O 12.Nb3 Re8 13.Be2 Bh3 14.Kd1 Re6 15.Re1 Ne7
16.Ng1 Bf5 17.h4 Rd6 18.g4 Bd7 19.g5 Bg7 20.gxf6 Rxf6 21.Nf3 e4 22.Ne5 Ba4
23.Kc2 Rxf2 24.Ng4 Rg2 25.Ne3 Rh2 26.Ng4 Rxh4 27.Rh1 Rxh1 28.Rxh1 f5 29.Ne3 f4  0-1

[Event "17th Open"]
[Site "Kavala GRE"]
[Date "2008.08.07"]
[Round "9"]
[White "Danielian,E"]
[Black "Saravanan,V1"]
[Result "1/2-1/2"]
[WhiteElo "2495"]
[BlackElo "2405"]

1.d4 Nf6 2.Bg5 c5 3.Bxf6 gxf6 4.d5 Qb6 5.Qc1 f5 6.e3 Bg7 7.c3 d6 8.Ne2 Nd7
9.Nf4 Nf6 10.Bc4 Bd7 11.a4 O-O 12.O-O Rae8 13.a5 Qc7 14.Qd1 Kh8 15.Nh5 Rg8
16.Nd2 e5 17.Nxf6 Bxf6 18.f4 Rg6 19.Rf2 Qd8 20.Qb3 Bh4 21.Rf3 Reg8 22.Bf1 Bc8
23.Nc4 Qf6 24.Qc2 Rg4 25.Rd1 Bd7 26.b3 e4  1/2-1/2

[Event "US Open"]
[Site "Dallas USA"]
[Date "2008.08.08"]
[Round "7"]
[White "Banawa,Joe"]
[Black "Bayaraa,Z"]
[Result "1-0"]
[WhiteElo "2300"]
[BlackElo "2179"]

1.d4 Nf6 2.Bg5 d5 3.Bxf6 gxf6 4.c4 c6 5.e3 Bf5 6.Nc3 e6 7.Nge2 Qb6 8.Qd2 Nd7
9.Ng3 Bg6 10.c5 Qc7 11.f4 h5 12.f5 h4 13.fxg6 hxg3 14.gxf7+ Kxf7 15.h3 b6
16.cxb6 axb6 17.Be2 f5 18.O-O Nf6 19.a3 c5 20.dxc5 bxc5 21.Bd3 Qe5 22.Rf3 Bh6
23.Raf1 d4 24.Nd1 dxe3 25.Qe2 f4 26.Nxe3 Bg5 27.Nc4 Qd4+ 28.Kh1 Ng4 29.Rxg3  1-0

[Event "12th HZ Open"]
[Site "Vlissingen NED"]
[Date "2008.08.08"]
[Round "8"]
[White "Tissink,A"]
[Black "Straat,R"]
[Result "1/2-1/2"]
[WhiteElo "2137"]
[BlackElo "2202"]

1.d4 Nf6 2.Bg5 d5 3.Nc3 Bf5 4.f3 Nbd7 5.Nxd5 Nxd5 6.e4 h6 7.Bh4 Ne3 8.Qd3 Nxf1
9.exf5 c6 10.Kxf1 Qb6 11.b3 O-O-O 12.Bf2 Qa5 13.Ne2 h5 14.c4 e6 15.fxe6 Nc5
16.Qc3 Qxc3 17.Nxc3 fxe6 18.Rd1  1/2-1/2

[Event "12th HZ Open"]
[Site "Vlissingen NED"]
[Date "2008.08.08"]
[Round "8"]
[White "Duijker,R"]
[Black "Llaneza Vega,M"]
[Result "0-1"]
[WhiteElo "2220"]
[BlackElo "2468"]

1.d4 Nf6 2.Bg5 c5 3.Bxf6 gxf6 4.d5 Qb6 5.Qc1 f5 6.c4 Qb4+ 7.Nc3 Qxc4 8.e4 Qb4
9.e5 Bg7 10.f4 d6 11.Nf3 O-O 12.a3 Qb6 13.Bc4 dxe5 14.fxe5 Nd7 15.Qe3 Qxb2
16.O-O f4 17.Qxf4 Qxc3 18.Rac1 Qa5 19.Bd3 c4 20.Rxc4 f5 21.e6 Nb6 22.Bxf5 Nxc4
23.Ng5 Qxd5 24.Bxh7+ Kh8 25.Nf7+ Kxh7 26.Qh4+ Kg8  0-1

[Event "12th HZ Open"]
[Site "Vlissingen NED"]
[Date "2008.08.09"]
[Round "9"]
[White "Kalisvaart,P"]
[Black "Westerweele,M"]
[Result "1/2-1/2"]
[WhiteElo "2093"]
[BlackElo "1950"]

1.d4 Nf6 2.Bg5 g6 3.Bxf6 exf6 4.e3 d6 5.c4 Bg7 6.Nc3 O-O 7.Nge2 c6 8.g3 Na6
9.Bg2 Nc7 10.O-O f5 11.Qd3 Re8 12.b4 Rb8 13.Rab1 Bd7 14.a4 a6 15.d5 cxd5
16.cxd5 Re7 17.Nd4 Qe8 18.Rfc1 Rc8 19.b5 Bxd4 20.Qxd4 axb5 21.axb5 Nxb5 22.Nxb5 Rxc1+
23.Rxc1 Bxb5  1/2-1/2

[Event "12th HZ Open"]
[Site "Vlissingen NED"]
[Date "2008.08.09"]
[Round "9"]
[White "Van Assendelft,F"]
[Black "Schut,L"]
[Result "1-0"]
[WhiteElo "2227"]
[BlackElo "2135"]

1.d4 Nf6 2.Bg5 d5 3.Bxf6 exf6 4.e3 Nd7 5.g3 Bd6 6.Bg2 c6 7.Nd2 O-O 8.Ne2 f5
9.c4 dxc4 10.Nxc4 Bb4+ 11.Nd2 Nf6 12.O-O Be6 13.a3 Bd6 14.Qc2 g6 15.Nc4 Bc7
16.b4 Bd5 17.Bxd5 Qxd5 18.Nd2 Qd7 19.Rac1 Rac8 20.Nb3 Qe7 21.Nc5 b6 22.Nd3 Bb8
23.b5 c5 24.dxc5 bxc5 25.Nb2 Ne4 26.Nc3 Ng5 27.Qe2 Qb7 28.f3 Rfe8 29.Kg2 Ne6
30.Qc4 Rcd8 31.Rcd1 Be5 32.a4 Ng5 33.Rxd8 Rxd8 34.Nd3 Bg7 35.h4 Ne6 36.Rd1  1-0